Caídos del mapa v : siempre juntos /
Graciela se aburrió de buscar información en la compu y entró a Messenger. Echó una mirada a la lista de nombres conectados; ninguno le pareció interesante. Compañeros de teatro, de la escuela y...Miriam como siempre pidiendo que la incluya en la lista. Estaba a punto de desconectarse cuando la sorp...
Guardado en:
| Autor Principal: | |
|---|---|
| Otros Autores: | |
| Formato: | Libro |
| Publicado: |
Buenos Aires :
Quipu,
2004
|
| Edición: | 2a. ed. |
| Series: | Los verdes de Quipu
|
| Materias: | |
| Etiquetas: |
Agregar Etiqueta
Sin Etiquetas, Sea el primero en etiquetar este registro!
|
| LEADER | 01606nam a22002895a 4500 | ||
|---|---|---|---|
| 001 | CEM.cems012071 | ||
| 008 | 130507s2004##################000#0#####d | ||
| 005 | 20240304142437.0 | ||
| 245 | 1 | 0 | |a Caídos del mapa v : |b siempre juntos / |c María Inés Falconi ; ilustrado por Sendra. |
| 250 | |a 2a. ed. | ||
| 260 | |a Buenos Aires : |b Quipu, |c 2004 | ||
| 300 | |a 307 p. | ||
| 490 | 0 | |a Los verdes de Quipu | |
| 500 | |a Edad sugerida a partir de 12 años. | ||
| 520 | |a Graciela se aburrió de buscar información en la compu y entró a Messenger. Echó una mirada a la lista de nombres conectados; ninguno le pareció interesante. Compañeros de teatro, de la escuela y...Miriam como siempre pidiendo que la incluya en la lista. Estaba a punto de desconectarse cuando la sorprendió un nuevo mensaje. "¿Fede?", se dijo extrañada. ¿Era el que ella pensaba? Nuestros cuatro amigos han comenzado una nueva etapa: el secundario. Separados por el colegio, distanciados por ciertas peleas, se vuelven a unir para festejar el súper cumpleaños de Paula. | ||
| 020 | |a 9875040096 | ||
| 100 | 1 | |a Falconi, María Inés | |
| 700 | 1 | |a Sendra, Fernando | |
| 082 | 0 | 4 | |a A863.4 |
| 653 | |a Literatura | ||
| 653 | |a Literatura juvenil | ||
| 653 | |a Novelas juveniles | ||
| 653 | |a Literatura argentina | ||
| 859 | |a CEMS |b BIB. CEMS - Inicial y Primaria |h A863.4 |i F181-7 |k IP |p 6129 |t Ej. 1 |3 5 | ||
| 859 | |a CEMS |b BIB. CEMS - 11 de abril |h A863.4 |i F181-1 |p 23309.06 |t Ej.1 |v 5 |3 5 | ||
| 859 | |a CEMS |b BIB. CEMS - 11 de abril |h A863.4 |i F181-1 |p 26358.12 |t Ej.2 |v 5 |3 5 | ||
| 859 | |a CEMS |b BIB. CEMS - 11 de abril |h A863.4 |i F181-1 |p 29782.23 |t Ej.3 |3 5 | ||
